आभाळात गेलेली माणसं (Record no. 1034090)

MARC details
000 -LEADER
fixed length control field 00638nam a2200181Ia 4500
008 - FIXED-LENGTH DATA ELEMENTS--GENERAL INFORMATION
fixed length control field 151018s9999 xx 000 0 und d
082 ## - DEWEY DECIMAL CLASSIFICATION NUMBER
Item number RBASDV34600
Classification number 891.463
100 ## - MAIN ENTRY--PERSONAL NAME
Personal name संजय सोनवणी
245 ## - TITLE STATEMENT
Title आभाळात गेलेली माणसं
250 ## - EDITION STATEMENT
Remainder of edition statement 1
260 ## - PUBLICATION, DISTRIBUTION, ETC. (IMPRINT)
Name of publisher, distributor, etc पुष्प प्रकाशन पुणे
Date of publication, distribution, etc 2001
300 ## - PHYSICAL DESCRIPTION
Extent 132
600 ## - SUBJECT ADDED ENTRY--PERSONAL NAME
Personal name संजय सोनवणी
630 ## - SUBJECT ADDED ENTRY--UNIFORM TITLE
Uniform title आभाळात गेलेली माणसं
700 ## - ADDED ENTRY--PERSONAL NAME
Personal name संजय सोनवणी
730 ## - ADDED ENTRY--UNIFORM TITLE
Uniform title आभाळात गेलेली माणसं
942 ## - ADDED ENTRY ELEMENTS (KOHA)
Koha item type Book
Holdings
Withdrawn status Lost status Damaged status Not for loan Home library Current library Date acquired Cost, normal purchase price Total Checkouts Full call number Barcode Date last seen Cost, replacement price Price effective from Koha item type
        R.B. Anant Shivaji Desai Vachanalaya and Granthalaya, Kudal R.B. Anant Shivaji Desai Vachanalaya and Granthalaya, Kudal 01/28/2009 21.00   RBASDV34600 RBASDV34600 10/18/2015 21.00 10/18/2015 Book